Nom latin des villes de Gaule commençant par M,N,O,P,R ou S - Statistiques

Statistiques générales
  • Ce quiz a été pris 43 fois
  • Le résultat moyen est 14 sur 22
Statistiques - réponses
Hint Réponse % Correct
Massilia Marseille
94%
Narbo martius Narbonne
94%
Matisco Mâcon
91%
Monspessulanim Montpellier
91%
Nicaea Nice
88%
Portus syracusanus Porto-Vecchio
88%
Nantios / Nanceium Nancy
85%
Nemausus Nîmes
85%
Ramboletium Rambouillet
85%
Noviomagus Noyon
65%
Mediolanum santonum Saintes
65%
Rodumna Roanne
59%
Rotomagus Rouen
59%
Ponte saravi Sarrebourg
59%
Novio rito Niort
56%
Ruper regia Rocroi
47%
Sidvo Saulieu
38%
Olbia Hyères
35%
Noviomagus lexoviorum Lisieux
35%
Ricomagum Riom
35%
Nematacum atrebatum Arras
29%
Samarobriva Amiens
18%
Aucun quiz correspondant
Distribution des résultats
% des personnes avec chaque résultat
Percentile par nombre de réponses
Votre historique - résultats
Vous n’avez pas pris ce quiz